| 000 | 01252nam a2200337 i 4500 | ||
|---|---|---|---|
| 001 | 768714001 | ||
| 003 | CO-MdFUSB | ||
| 005 | 20231118133610.0 | ||
| 007 | ta | ||
| 008 | 230921t19911994sp ||||g |||| 00| 0 spa d | ||
| 020 | _a8474657499 | ||
| 020 | _a8476457502 | ||
| 040 |
_aCO-MdFUSB _bspa _cCO-MdFUSB _dCO-MdFUSBC _erda |
||
| 041 | _aspa | ||
| 082 |
_223 _a226.407 _bB244 |
||
| 100 |
_aBarclay, William, _eautor |
||
| 245 | 1 |
_aComentario al Nuevo Testamento _b: evangelio según san Lucas _c/ William Barclay |
|
| 264 | 1 |
_aBarcelona : _bClie, _c[1991] |
|
| 264 | 4 | _c©1994 | |
| 300 |
_a362 páginas _c; 21 cm. _bVolumen 4 |
||
| 336 |
_2rdacontent _atexto _btxt |
||
| 337 |
_2rdamedia _asin mediación _bn |
||
| 338 |
_2rdacarrier _avolumen _bnc |
||
| 500 | _aVolumen 4, no tenemos la coleccion | ||
| 504 | _aIncluye bibliografía (páginas 361-362) e índice | ||
| 505 | _aLa introducción de un historiador -- Un himno maravilloso -- Una preciosa ancianidad -- El linaje de Jesús -- Las multitudes insistentes -- La prueba final -- Calma en medio de la tempestad -- La verdadera grandeza -- Pedid y recibiréis. | ||
| 563 | _aRústico | ||
| 630 | 0 | 7 |
_aBiblia. _vLucas _xCrítica, interpretación, etc. |
| 942 | _cBK | ||
| 945 | _asor1564 | ||
| 999 |
_c69021 _d69021 |
||